000 00960naa a2200289 c 4500
001 31159
003 ES-MaCES
005 20150929124734.0
008 990524n1999 sp o 000 |dspa d
035 _aCES19990001359v
040 _aES-MaCES
_bspa
_cES-MaCES
100 1 _aNavarro, Vicenç
_919517
245 1 3 _aLa crisis financiera internacional
_b: causas y consecuencias
_cVicenç Navarro
500 _aIncluye fot. bl. y n.
650 4 _ainternacional
_926674
650 4 _adesigualdad económica
_929371
650 4 _adesregulación
_931743
650 4 _acapital
_928127
650 4 _amercado financiero
_928150
650 4 _acrisis económica
_927102
653 1 0 _aFinanciación
650 4 _930761
_asector financiero
773 0 _tTemas para el debate
_gn. 50 (en. 1999){10474 R. 028342}; p. 32-37
_w(ES-MaCES)25480
_960603
902 _aART Artículo de revista
942 _2CES
_cAR
_h0.0.
999 _c31159
_d31159